FAO plant production and protection paper N.154 Greenhouses and shelter structures for tropical regions
Sparad:
| Huvudupphovsman: | |
|---|---|
| Materialtyp: | Bok |
| Språk: | Undetermined |
| Publicerad: |
Rome
FAO
1999
|
| Ämnen: | |
| Taggar: |
Lägg till en tagg
Inga taggar, Lägg till första taggen!
|
| Thư viện lưu trữ: | Trung tâm Học liệu Trường Đại học Cần Thơ |
|---|
| LEADER | 00627nam a2200193Ia 4500 | ||
|---|---|---|---|
| 001 | CTU_40042 | ||
| 008 | 210402s9999 xx 000 0 und d | ||
| 082 | |a 632 | ||
| 082 | |b F218/N154 | ||
| 100 | |a Christian von Zabeltitz | ||
| 245 | 0 | |a FAO plant production and protection paper N.154 | |
| 245 | 0 | |b Greenhouses and shelter structures for tropical regions | |
| 245 | 0 | |c Christian von Zabeltitz, FAO, W O Baudoin | |
| 260 | |a Rome | ||
| 260 | |b FAO | ||
| 260 | |c 1999 | ||
| 650 | |a greenhouses,plants, protection of | ||
| 904 | |i Nguyễn Quang Điền, 001221 | ||
| 980 | |a Trung tâm Học liệu Trường Đại học Cần Thơ | ||